IFLA directory (Record no. 15014)

MARC details
000 -LEADER
fixed length control field 00415nam a2200109Ia 4500
082 ## - DEWEY DECIMAL CLASSIFICATION NUMBER
Classification number RR 020.621025 IFL-
245 #0 - TITLE STATEMENT
Title IFLA directory
260 ## - PUBLICATION, DISTRIBUTION, ETC. (IMPRINT)
Place of publication The Hague
Name of publisher IFLA Headquarters Publications
500 ## - GENERAL NOTE
General note contents: Acc. no. 35478 (1996-1997), (1996), (257p.: photographs) - Acc. no. S153 (2009-2011), (2010), (161p.)
650 ## - SUBJECT ADDED ENTRY--TOPICAL TERM
Topical Term International agency libraries - Directories - 1996-1997
Form subdivision 2009-2011
942 ## - ADDED ENTRY ELEMENTS (KOHA)
Koha item type Research Reports
Source of classification or shelving scheme Dewey Decimal Classification
Holdings
Withdrawn status Lost status Damaged status Not for loan Home library Current library Date acquired Bill Date Full call number Accession Number Price effective from Koha item type Collection code
        NASSDOC Library NASSDOC Library 08/06/2004 2008-12-30 RR 020.621025 IFL- 35478 18/04/2019 Books  
        NASSDOC Library NASSDOC Library 30/12/2014 2005-03-16 RR 020.621025 IFL- S000153 18/04/2019 Books Series